| 000 -LEADER |
| fixed length control field |
00831nam a22001577a 4500 |
| 003 - CONTROL NUMBER IDENTIFIER |
| control field |
LRUA |
| 005 - DATE AND TIME OF LATEST TRANSACTION |
| control field |
20221003104251.0 |
| 008 - FIXED-LENGTH DATA ELEMENTS--GENERAL INFORMATION |
| fixed length control field |
220914b xxu||||| |||| 00| 0 eng d |
| 040 ## - CATALOGING SOURCE |
| Transcribing agency |
RUA |
| 082 ## - DEWEY DECIMAL CLASSIFICATION NUMBER |
| Edition number |
LMA HEN 2019 B467 Or. |
| 100 ## - MAIN ENTRY--PERSONAL NAME |
| 9 (RLIN) |
15252 |
| Personal name |
HENG VUTHIM,ហេង វុទ្ធីម |
| 245 ## - TITLE STATEMENT |
| Title |
STUDY ON PROVIDING PUBLIC SERVICE THROUGH ON WINDOW SERVICE OFFICE AT MINISTRY OF LAND MANAGEMENT URBAN, PLANNING AND CONSTRACTION,ការសិក្សាពីការផ្តល់សេវាសាធារណៈតាមរយៈការិយាល័យច្រកចេញចូលតែមួយរបស់ក្រសួងរៀបចំដែនដីនគរូបនីយកម្ម និងសំណង់ |
| 260 ## - PUBLICATION, DISTRIBUTION, ETC. (IMPRINT) |
| Place of publication, distribution, etc. |
phnom penh |
| Name of publisher, distributor, etc. |
rua |
| Date of publication, distribution, etc. |
2019 |
| 300 ## - PHYSICAL DESCRIPTION |
| Extent |
ix.50p. |
| Other physical details |
ill. |
| Dimensions |
29cm. |
| 942 ## - ADDED ENTRY ELEMENTS (KOHA) |
| Source of classification or shelving scheme |
|
| Koha item type |
LMA |